Griechische Mythologie - Personen - Statistiken

Allgemein
  • Dieses Quiz wurde 269 mal gespielt
  • Das Durchschnittsergebnis liegt bei 6 aus 10
Antwortstatistiken
Hint Antwort % Korrekt
Heros, der 12 Aufgaben bewältigte Herkules
88%
Fast unverwundbarer Heros im Trojanischen Krieg Achilles
87%
Irrfahrer nach dem Trojanischen Krieg Odysseus
86%
Flog zu nah an die Sonne und stürzte vom Himmel Ikarus
85%
Tötet seinen Vater und heiratet seine Mutter Ödipus
71%
Brachte den Menschen das Feuer Prometheus
68%
Verliebt sich in sein Spiegelbild Narziss
58%
Sänger und Gemahl der Eurydike Orpheus
45%
Baumeister, der König Minos entkam Daidalos
14%
Beerdigt ihren Bruder und wird dafür eingemauert Antigone
13%
Keine übereinstimmenden Quizze gefunden
Verteilung der Resultate
Anzahl Personen mit jedem Resultat
Perzentil nach korrekt beantworteten Fragen
Ihre Resultats-Entwicklung
Sie haben dieses Quiz noch nicht gespielt